Memorias de abril / (Record no. 128136)

MARC details
000 -LEADER
campo de control de longitud fija 00838nam a2200241 i 4500
001 - NÚMERO DE CONTROL
campo de control 128136
003 - IDENTIFICADOR DE NÚMERO DE CONTROL
campo de control ES-MaACL
005 - FECHA Y HORA DE LA ÚLTIMA TRANSACCIÓN
campo de control 20230906193155.0
007 - CAMPO FIJO DE DESCRIPCIÓN FÍSICA--INFORMACIÓN GENERAL
campo de control de longitud fija t|
008 - DATOS DE LONGITUD FIJA--INFORMACIÓN GENERAL
campo de control de longitud fija 070622s1978 sp ||||1| spa d
080 ## - NÚMERO DE LA CLASIFICACIÓN DECIMAL UNIVERSAL
Número de la Clasificación Decimal Universal 946.9"1974/..."(093.32)
100 1# - ENTRADA PRINCIPAL--NOMBRE DE PERSONA
Nombre de persona Carvalho, Otelo Saraiva de.
9 (RLIN) 35963
245 13 - MENCIÓN DEL TÍTULO
Título Memorias de abril /
Mención de responsabilidad, etc. Otelo Saraiva de Carvalho ; [traducción del portugués de Humberto da Cruz y Mª Carmen Espinar].
260 ## - PUBLICACIÓN, DISTRIBUCIÓN, ETC.
Lugar de publicación, distribución, etc. [Barcelona] :
Nombre del editor, distribuidor, etc. Iniciativas Editoriales,
Fecha de publicación, distribución, etc. [1978]
300 ## - DESCRIPCIÓN FÍSICA
Extensión 377 p. ;
Dimensiones 22 cm.
490 1# - MENCIÓN DE SERIE
Mención de serie El Viejo topo
651 #4 - PUNTO DE ACCESO ADICIONAL DE MATERIA--NOMBRE GEOGRÁFICO
Nombre geográfico Portugal-
Subdivisión general Historia-
Subdivisión cronológica 1974 (Revolución)-
Subdivisión de forma Relatos personales.
9 (RLIN) 9261
700 1# - ENTRADA AGREGADA--NOMBRE PERSONAL
Nombre de persona Cruz, Humberto da.
9 (RLIN) 41792
700 1# - ENTRADA AGREGADA--NOMBRE PERSONAL
Nombre de persona Espinar, María Carmen.
9 (RLIN) 47844
830 0# - PUNTO DE ACCESO ADICIONAL DE SERIE-TÍTULO UNIFORME
Título uniforme El Viejo topo
9 (RLIN) 183477
852 ## - LOCALIZACIÓN
Ubicación ES-MaACL
Número de control de estantería A-9810
Sublocalización o colección R.98605
Holdings
Estatus retirado Estado de pérdida Estado de daño No para préstamo Biblioteca de origen Biblioteca actual Ubicación en estantería Fecha de adquisición Fuente de adquisición Total de préstamos Signatura topográfica completa Código de barras Visto por última vez Precio de reemplazo Tipo de ítem Koha
        Biblioteca del Ateneo de Madrid Biblioteca del Ateneo de Madrid Depósito 1 17/01/2008     A-9810 1133462 23/02/2023 23/02/2023 Libro impreso